Organization and administration of pupil personnel service programs in selected school systems. (Record no. 34339)
[ view plain ]
| 000 -LEADER | |
|---|---|
| fixed length control field | 01140cam a22002771 4500 |
| 001 - CONTROL NUMBER | |
| control field | hew62000003 |
| 003 - CONTROL NUMBER IDENTIFIER | |
| control field | DLC |
| 005 - DATE AND TIME OF LATEST TRANSACTION | |
| control field | 20260227111511.0 |
| 008 - FIXED-LENGTH DATA ELEMENTS--GENERAL INFORMATION | |
| fixed length control field | 770120s1961 xx 000 0 eng c |
| 010 ## - LIBRARY OF CONGRESS CONTROL NUMBER | |
| LC control number | hew62000003 |
| 035 ## - SYSTEM CONTROL NUMBER | |
| System control number | (OCoLC)2690406 |
| 040 ## - CATALOGING SOURCE | |
| Original cataloging agency | U.S. Dept. of Health, Education and Welfare library |
| Transcribing agency | OKentU |
| Modifying agency | OCoLC |
| -- | DLC |
| 042 ## - AUTHENTICATION CODE | |
| Authentication code | premarc |
| 050 00 - LIBRARY OF CONGRESS CALL NUMBER | |
| Classification number | L111 |
| Item number | .A6 1961, no. 22 |
| 051 ## - LIBRARY OF CONGRESS COPY, ISSUE, OFFPRINT STATEMENT | |
| Classification number | LB1027.5 |
| Item number | .F8 |
| 100 1# - MAIN ENTRY--PERSONAL NAME | |
| Personal name | Fusco, Gene C. |
| Fuller form of name | (Gene Carl), |
| Dates associated with a name | 1928- |
| 245 10 - TITLE STATEMENT | |
| Title | Organization and administration of pupil personnel service programs in selected school systems. |
| 260 ## - PUBLICATION, DISTRIBUTION, ETC. | |
| Place of publication, distribution, etc. | [Washington] |
| Name of publisher, distributor, etc. | U.S. Dept. of Health, Education, and Welfare, Office of Education |
| Date of publication, distribution, etc. | [1961] |
| 300 ## - PHYSICAL DESCRIPTION | |
| Extent | vi, 67 p. |
| Other physical details | diagrs. |
| Dimensions | 23 cm. |
| 410 10 - SERIES STATEMENT/ADDED ENTRY--CORPORATE NAME [OBSOLETE, CAN/MARC], [LOCAL, USA] | |
| Corporate name or jurisdiction name as entry element | United States. |
| Subordinate unit | Office of Education. |
| Title of a work | Bulletin, 1961, |
| Volume number/sequential designation | no. 22 |
| 500 ## - GENERAL NOTE | |
| General note | "OE-23014." |
| 500 ## - GENERAL NOTE | |
| General note | Copies 1 and 3 of L111.A6 bound with: Bulletin / United States. Office of Education, 1961, no. 23-1961, no. 29, subsequent to publication. |
| 504 ## - BIBLIOGRAPHY, ETC. NOTE | |
| Bibliography, etc. note | Bibliographical footnotes. |
| 650 #0 - SUBJECT ADDED ENTRY--TOPICAL TERM | |
| Topical term or geographic name entry element | Educational counseling |
| General subdivision | Administration. |
| 740 0# - ADDED ENTRY--UNCONTROLLED RELATED/ANALYTICAL TITLE | |
| Uncontrolled related/analytical title | Pupil personnel service programs. |
No items available.